[Event "Bogoroditsk 07"]
[Site "Bogoroditsk"]
[Date "2013.07.09"]
[Round "11"]
[White "Leonov, Mikhail A"]
[Black "Gurin, Anatolij"]
[Result "0-1"]
[WhiteElo "2092"]
[BlackElo "2310"]
[PlyCount "136"]
[EventDate "2013.07.03"]
[EventType "tourn"]
[EventRounds "13"]
[EventCountry "RUS"]
[EventCategory "2"]
[SourceTitle "EXT 2014"]
[Source "ChessBase"]
[SourceDate "2013.11.20"]
[SourceVersion "1"]
[SourceVersionDate "2013.11.20"]
[SourceQuality "1"]

1. e4 e5 2. Nf3 Nc6 3. Nc3 Nf6 4. Bb5 Bb4 5. 0-0 0-0 6. d3 d6 7. Bg5 Bxc3 8. bxc3 Qe7 9. Re1 Nd8 10. d4 Ne6 11. Bc1 Rd8 12. d5 Nc5 13. Bd3 c6 14. h3 Bd7 15. Ba3 b6 16. Rb1 Rab8 17. Qd2 Nh5 18. c4 Nf4 19. Qd1 Qf6 20. Bc1 Re8 21. a3 h6 22. Be3 Na4 23. Rb3 Nc5 24. Rb1 Re7 25. Bxc5 dxc5 26. dxc6 Bxh3 27. g3 Ne6 28. Nh2 Ng5 29. Qh5 Bc8 30. Bf1 Qxc6 31. Bg2 Ba6 32. Nf3 Nxf3+ 33. Qxf3 Rd8 34. Rbd1 Red7 35. Bf1 Qa4 36. Rd5 Qxc2 37. Qd1 Qxd1 38. Rexd1 Bc8 39. f3 Kf8 40. Kf2 f6 41. a4 Ke7 42. Ra1 Bb7 43. Rxd7+ Kxd7 44. a5 Kc6 45. Ke3 Rd4 46. axb6 Kxb6 47. Rb1+ Kc7 48. Ra1 a6 49. Ra2 Bc8 50. Bd3 Rd6 51. g4 Be6 52. Ra1 Kb7 53. Be2 Rb6 54. Kd2 Rb2+ 55. Kd3 Kb6 56. Rd1 a5 57. Ra1 g6 58. Ke3 h5 59. gxh5 gxh5 60. Rh1 Bf7 61. Ra1 Rb4 62. f4 a4 63. fxe5 fxe5 64. Rf1 Bxc4 65. Bxc4 Rxc4 66. Rh1 a3 67. Rxh5 Rc1 68. Rh2 Kb5 0-1

[Event "Bogoroditsk 07"]
[Site "Bogoroditsk"]
[Date "2013.07.07"]
[Round "7"]
[White "Gurin, Anatolij"]
[Black "Arakeljan, Armen M"]
[Result "1/2-1/2"]
[WhiteElo "2310"]
[BlackElo "2311"]
[PlyCount "110"]
[EventDate "2013.07.03"]
[EventType "tourn"]
[EventRounds "13"]
[EventCountry "RUS"]
[EventCategory "2"]
[SourceTitle "EXT 2014"]
[Source "ChessBase"]
[SourceDate "2013.11.20"]
[SourceVersion "1"]
[SourceVersionDate "2013.11.20"]
[SourceQuality "1"]

1. d4 Nf6 2. c4 g6 3. Nc3 d5 4. cxd5 Nxd5 5. e4 Nxc3 6. bxc3 c5 7. Bc4 Bg7 8. Ne2 Nc6 9. Be3 0-0 10. 0-0 Bg4 11. f3 Na5 12. Bd3 cxd4 13. cxd4 Be6 14. Qa4 a6 15. Rfd1 b5 16. Qb4 Rb8 17. Kh1 Nc6 18. Qb2 Rc8 19. Rac1 Qd6 20. Qd2 Nxd4 21. Bxd4 Bxd4 22. Bxb5 axb5 23. Qxd4 Qxd4 24. Nxd4 Bc4 25. Kg1 e6 26. Nb3 Ra8 27. Rd2 Rfd8 28. Rb2 Kg7 29. Nd2 Bxa2 30. Kf2 Rd7 31. Rcc2 Bc4 32. Nxc4 bxc4 33. Rxc4 Kf6 34. Kg3 Ra1 35. Rc8 h5 36. Kf4 g5+ 37. Kg3 Rad1 38. Rg8 Rd8 39. Rxd8 Rxd8 40. h4 Rg8 41. hxg5+ Kxg5 42. Rb5+ Kh6+ 43. Kh3 Rg5 44. Rxg5 Kxg5 45. g3 e5 46. Kg2 h4 47. Kh3 hxg3 48. Kxg3 f5 49. exf5 Kxf5 50. f4 e4 51. Kf2 Kxf4 52. Ke2 e3 53. Ke1 Kf3 54. Kf1 e2+ 55. Ke1 Ke3 1/2-1/2

[Event "Bogoroditsk 07"]
[Site "Bogoroditsk"]
[Date "2013.07.06"]
[Round "6"]
[White "Aghasiyev, Kamal"]
[Black "Gurin, Anatolij"]
[Result "1-0"]
[WhiteElo "2283"]
[BlackElo "2310"]
[PlyCount "79"]
[EventDate "2013.07.03"]
[EventType "tourn"]
[EventRounds "13"]
[EventCountry "RUS"]
[EventCategory "2"]
[SourceTitle "EXT 2014"]
[Source "ChessBase"]
[SourceDate "2013.11.20"]
[SourceVersion "1"]
[SourceVersionDate "2013.11.20"]
[SourceQuality "1"]

1. e4 c5 2. d4 cxd4 3. c3 dxc3 4. Nxc3 Nc6 5. Nf3 d6 6. Bc4 Nf6 7. e5 dxe5 8. Qxd8+ Nxd8 9. Nb5 Rb8 10. Nxe5 e6 11. Nc7+ Ke7 12. Be3 Nc6 13. 0-0-0 Nd7 14. Nxf7 Kxf7 15. Bxe6+ Ke7 16. Bxd7 Bxd7 17. Bg5+ Kf7 18. Rxd7+ Kg6 19. Ne6 h6 20. Bh4 Ne5 21. Rd5 Nc6 22. Rhd1 Rc8 23. Kb1 Re8 24. Nf4+ Kh7 25. Rd7 Re4 26. g3 b5 27. Rc7 Ne7 28. Bxe7 Rxe7 29. Rdd7 Rxd7 30. Rxd7 a5 31. Nd3 b4 32. Ra7 b3 33. a3 a4 34. Rxa4 Bd6 35. Rd4 Be7 36. Rd7 Bf6 37. Rb7 Kg6 38. Rxb3 Ra8 39. Rb5 Kf7 40. f4 1-0

[Event "Bogoroditsk 07"]
[Site "Bogoroditsk"]
[Date "2013.07.05"]
[Round "5"]
[White "Gurin, Anatolij"]
[Black "Vasiliev, Vladimir P"]
[Result "1/2-1/2"]
[WhiteElo "2310"]
[BlackElo "2351"]
[PlyCount "79"]
[EventDate "2013.07.03"]
[EventType "tourn"]
[EventRounds "13"]
[EventCountry "RUS"]
[EventCategory "2"]
[SourceTitle "EXT 2014"]
[Source "ChessBase"]
[SourceDate "2013.11.20"]
[SourceVersion "1"]
[SourceVersionDate "2013.11.20"]
[SourceQuality "1"]

1. d4 Nf6 2. c4 c5 3. d5 b5 4. cxb5 a6 5. Nc3 axb5 6. Nxb5 d6 7. Nf3 g6 8. Nc3 Bg7 9. e4 0-0 10. Bd3 Nbd7 11. 0-0 Ba6 12. Re1 Ng4 13. Bxa6 Rxa6 14. Nd2 Nge5 15. f4 Nd3 16. Rf1 Qc7 17. Kh1 c4 18. a4 Qc5 19. Qe2 Qb4 20. Ndb1 N7c5 21. Ra2 Nxa4 22. Nxa4 Rxa4 23. Bd2 Qb5 24. Rxa4 Qxa4 25. Bc3 Bxc3 26. Nxc3 Qb3 27. Nd1 Rc8 28. f5 Ne5 29. Qf2 Ra8 30. fxg6 hxg6 31. Nc3 f6 32. Qd2 Kg7 33. Rb1 Nd3 34. h3 Rb8 35. Kh2 Ne5 36. Kg1 Nd3 37. Kh2 Rb7 38. Qe2 Rb4 39. Qg4 Rb8 40. Qe2 1/2-1/2

[Event "Donskoj"]
[Site "Donskoj"]
[Date "2012.08.08"]
[Round "11"]
[White "Sevdimaliyev, Urfan"]
[Black "Gurin, Anatolij"]
[Result "1/2-1/2"]
[WhiteElo "2300"]
[BlackElo "2294"]
[PlyCount "65"]
[EventDate "2012.08.01"]
[EventType "tourn"]
[EventRounds "13"]
[EventCountry "RUS"]
[EventCategory "2"]
[SourceTitle "EXT 2013"]
[Source "ChessBase"]
[SourceDate "2012.11.22"]
[SourceVersion "1"]
[SourceVersionDate "2012.11.22"]
[SourceQuality "1"]

1. e4 e5 2. Nf3 Nc6 3. Bb5 Nf6 4. 0-0 Nxe4 5. Re1 Nd6 6. Nxe5 Nxe5 7. Rxe5+ Be7 8. d4 0-0 9. Bd3 Ne8 10. Nc3 d6 11. Re1 c6 12. Bf4 Nf6 13. Ne4 Nxe4 14. Bxe4 d5 15. Bd3 Bd6 16. Qf3 Be6 17. Qg3 Bxf4 18. Qxf4 Qb8 19. Qh4 g6 20. Re3 Qd8 21. Qf4 Qb8 22. Qh6 Qd6 23. Rae1 Bd7 24. h4 Rfe8 25. Re5 Rxe5 26. Rxe5 Re8 27. Rxe8+ Bxe8 28. h5 a5 29. Qe3 Bd7 30. h6 b6 31. c3 Kf8 32. Qg5 f6 33. Qe3 1/2-1/2

[Event "Donskoj"]
[Site "Donskoj"]
[Date "2012.08.05"]
[Round "7"]
[White "Ermilov, Petr"]
[Black "Gurin, Anatolij"]
[Result "0-1"]
[WhiteElo "1912"]
[BlackElo "2294"]
[PlyCount "64"]
[EventDate "2012.08.01"]
[EventType "tourn"]
[EventRounds "13"]
[EventCountry "RUS"]
[EventCategory "2"]
[SourceTitle "EXT 2013"]
[Source "ChessBase"]
[SourceDate "2012.11.22"]
[SourceVersion "1"]
[SourceVersionDate "2012.11.22"]
[SourceQuality "1"]

1. e4 e6 2. d4 d5 3. e5 c5 4. c3 Nc6 5. Nf3 Qb6 6. a3 f6 7. exf6 Nxf6 8. b4 cxd4 9. cxd4 Bd6 10. Bd3 0-0 11. 0-0 e5 12. dxe5 Nxe5 13. Be3 Qc7 14. h3 Nxf3+ 15. Qxf3 Ne4 16. Qe2 Be5 17. Ra2 Bf5 18. Rc2 Qf7 19. Rd1 Qg6 20. g4 d4 21. Bc1 Nxf2 22. Bxf5 Nxh3+ 23. Kh1 Rxf5 24. gxf5 Nf2+ 25. Qxf2 Qh5+ 26. Kg2 Qg4+ 27. Kh1 Qxd1+ 28. Kg2 Qg4+ 29. Kh1 d3 30. Rd2 Qh3+ 31. Kg1 Rc8 32. Rd1 Qg4+ 0-1

[Event "Donskoj"]
[Site "Donskoj"]
[Date "2012.08.04"]
[Round "5"]
[White "Zhavoronkov, Evgeny"]
[Black "Gurin, Anatolij"]
[Result "1/2-1/2"]
[WhiteElo "2319"]
[BlackElo "2294"]
[PlyCount "66"]
[EventDate "2012.08.01"]
[EventType "tourn"]
[EventRounds "13"]
[EventCountry "RUS"]
[EventCategory "2"]
[SourceTitle "EXT 2013"]
[Source "ChessBase"]
[SourceDate "2012.11.22"]
[SourceVersion "1"]
[SourceVersionDate "2012.11.22"]
[SourceQuality "1"]

1. d4 Nf6 2. c4 e6 3. Nc3 d5 4. Nf3 Be7 5. Bg5 0-0 6. e3 h6 7. Bh4 Ne4 8. Bxe7 Qxe7 9. Qc2 Nxc3 10. Qxc3 c6 11. Be2 Nd7 12. 0-0 dxc4 13. Bxc4 b6 14. Rac1 Bb7 15. Rfd1 c5 16. Be2 Rfc8 17. Qa3 Kf8 18. dxc5 Nxc5 19. Nd4 a5 20. f3 Rd8 21. e4 Rd7 22. Rd2 Rad8 23. Qe3 Qg5 24. Qxg5 hxg5 25. Rcd1 e5 26. Nb3 Rxd2 27. Rxd2 Rxd2 28. Nxd2 g4 29. Kf2 gxf3 30. gxf3 Ke7 31. Nc4 Nd7 32. Ke3 Bc6 33. h4 g6 1/2-1/2

[Event "RUS-ch Seniors"]
[Site "Odintsovo"]
[Date "2008.10.02"]
[Round "1"]
[White "Matveev, Vladimir1111"]
[Black "Gurin, Anatolij"]
[Result "1/2-1/2"]
[WhiteElo "2234"]
[BlackElo "2292"]
[PlyCount "54"]
[EventDate "2008.10.02"]
[EventType "swiss"]
[EventRounds "9"]
[EventCountry "RUS"]
[SourceTitle "CBM 127 Extra"]
[Source "ChessBase"]
[SourceDate "2009.01.08"]
[SourceVersion "2"]
[SourceVersionDate "2009.01.28"]
[SourceQuality "1"]

1. d4 Nf6 2. c4 e6 3. Nc3 Bb4 4. Qc2 c5 5. dxc5 0-0 6. Nf3 Na6 7. e3 Nxc5 8. Bd2 b6 9. Be2 Bb7 10. 0-0 Nce4 11. Nxe4 Bxe4 12. Bd3 Bxd3 13. Qxd3 Qe7 14. e4 Bxd2 15. Nxd2 Rfd8 16. Rfe1 d6 17. Rac1 Rac8 18. Nf3 Nd7 19. Qa3 Nb8 20. Nd4 a6 21. Qe3 Qc7 22. b3 Qc5 23. Rcd1 h6 24. Rd2 Rd7 25. Red1 Rcd8 26. Nc2 Qxe3 27. Nxe3 Kf8 1/2-1/2

[Event "RUS Central Region-ch"]
[Site "Tula "]
[Date "2007.03.17"]
[Round "1"]
[White "Zabotin, Alexander"]
[Black "Gurin, Anatolij"]
[Result "1-0"]
[WhiteElo "2455"]
[BlackElo "2233"]
[PlyCount "74"]
[EventDate "2007.03.17"]
[EventType "swiss"]
[EventRounds "9"]
[EventCountry "RUS"]
[SourceTitle "EXT 2008"]
[Source "ChessBase"]
[SourceDate "2007.11.25"]
[SourceVersion "1"]
[SourceVersionDate "2007.11.25"]
[SourceQuality "1"]

1. d4 Nf6 2. c4 e6 3. Nf3 d5 4. Nc3 Nbd7 5. Bg5 Be7 6. e3 0-0 7. Bd3 c5 8. 0-0 dxc4 9. Bxc4 cxd4 10. Qxd4 h6 11. Bh4 Nb6 12. Bb3 Qxd4 13. Nxd4 a6 14. e4 Bc5 15. Nf3 Re8 16. Rac1 Bb4 17. e5 Nh5 18. a3 Bxc3 19. Rxc3 g5 20. Bg3 Bd7 21. Rfc1 Rac8 22. Nd2 Nxg3 23. hxg3 Rxc3 24. Rxc3 Bc6 25. Nf1 Rd8 26. Ne3 Rd2 27. Rc2 Rxc2 28. Bxc2 Nd7 29. f4 Kg7 30. Kf2 f6 31. exf6+ Nxf6 32. f5 Bd7 33. g4 Kf7 34. Ke2 Ke7 35. Kd3 exf5 36. gxf5 h5 37. Kd4 h4 1-0

[Event "Voronezh op-A"]
[Site "Voronezh"]
[Date "2006.06.13"]
[Round "2"]
[White "Vrublevskaya, Olga"]
[Black "Gurin, Anatolij"]
[Result "1-0"]
[WhiteElo "2152"]
[BlackElo "2288"]
[PlyCount "98"]
[EventDate "2006.06.12"]
[EventType "swiss"]
[EventRounds "9"]
[EventCountry "RUS"]
[SourceTitle "CBM 112 Extra"]
[Source "ChessBase"]
[SourceDate "2006.07.14"]
[SourceVersion "1"]
[SourceVersionDate "2006.07.14"]
[SourceQuality "1"]

1. e4 e6 2. d4 d5 3. Nd2 Nc6 4. Ngf3 Nf6 5. e5 Nd7 6. Be2 f6 7. exf6 Nxf6 8. Bb5 Bd7 9. 0-0 Bd6 10. Re1 0-0 11. c4 Re8 12. Bxc6 Bxc6 13. c5 Bf8 14. Ne5 Bd7 15. Ndf3 Re7 16. Bg5 Be8 17. h3 c6 18. Ng4 Rf7 19. Rxe6 Bd7 20. Re2 Bxg4 21. hxg4 h6 22. Bxf6 Qxf6 23. Ne5 Rc7 24. Qd3 g5 25. Rae1 Bg7 26. Ng6 Qxd4 27. Re8+ Rxe8 28. Rxe8+ Kf7 29. Rf8+ Bxf8 30. Qxd4 Kxg6 31. g3 Rf7 32. Kg2 Be7 33. Qa4 a6 34. b4 Bf6 35. Qc2+ Kg7 36. Qd3 Re7 37. Qf5 Re4 38. a3 Kf7 39. Kf1 Re6 40. Qh7+ Bg7 41. Qf5+ Ke7 42. f4 gxf4 43. gxf4 d4 44. a4 Kd7 45. b5 axb5 46. axb5 Ke7 47. Qb1 Rf6 48. f5 Kf8 49. Qa2 cxb5 1-0

[Event "Tula Region-ch"]
[Site "Tula"]
[Date "2006.??.??"]
[Round "8"]
[White "Kuzin, Anton"]
[Black "Gurin, Anatolij"]
[Result "1-0"]
[WhiteElo "2460"]
[BlackElo "2300"]
[PlyCount "77"]
[EventDate "2006.??.??"]
[EventType "tourn"]
[EventRounds "11"]
[EventCountry "RUS"]
[EventCategory "8"]
[SourceTitle "EXT 2008"]
[Source "ChessBase"]
[SourceDate "2007.11.25"]
[SourceVersion "1"]
[SourceVersionDate "2007.11.25"]
[SourceQuality "1"]

1. e4 c6 2. d4 d5 3. Nc3 dxe4 4. Nxe4 Nd7 5. Bd3 Ngf6 6. Ng5 Nb6 7. N1f3 h6 8. Ne4 Nxe4 9. Bxe4 Nc4 10. 0-0 e6 11. Qe2 Nd6 12. Bd3 Be7 13. c4 Nf5 14. Bf4 0-0 15. Qe4 g6 16. Rad1 Bf6 17. Bb1 Bg7 18. Ne5 Re8 19. g4 Ne7 20. Qe3 g5 21. Bg3 f6 22. Qd3 f5 23. f4 Bf6 24. fxg5 hxg5 25. Rd2 Kg7 26. h4 gxh4 27. Bf4 Rh8 28. g5 Bxe5 29. Bxe5+ Kg6 30. Bxh8 Qxh8 31. Qa3 Kf7 32. Qd6 b6 33. g6+ Nxg6 34. Qxc6 Ba6 35. Bxf5 exf5 36. Rxf5+ Kg7 37. Rg2 Qe8 38. Qf6+ Kh6 39. Rh5+ 1-0

[Event "Tula Region-ch"]
[Site "Tula"]
[Date "2006.??.??"]
[Round "6"]
[White "Yagupov, Igor"]
[Black "Gurin, Anatolij"]
[Result "1-0"]
[WhiteElo "2555"]
[BlackElo "2300"]
[PlyCount "65"]
[EventDate "2006.??.??"]
[EventType "tourn"]
[EventRounds "11"]
[EventCountry "RUS"]
[EventCategory "8"]
[SourceTitle "EXT 2008"]
[Source "ChessBase"]
[SourceDate "2007.11.25"]
[SourceVersion "1"]
[SourceVersionDate "2007.11.25"]
[SourceQuality "1"]

1. e4 c6 2. d4 d5 3. Nc3 dxe4 4. Nxe4 Nd7 5. Ng5 Ngf6 6. Bd3 e6 7. N1f3 h6 8. Nxe6 fxe6 9. Bg6+ Ke7 10. 0-0 Qc7 11. c4 Kd8 12. Re1 Bb4 13. Re2 Nf8 14. Bc2 Bd6 15. Ne5 b6 16. h3 g5 17. f4 Rg8 18. fxg5 hxg5 19. Rf2 Bxe5 20. dxe5+ N6d7 21. Rxf8+ Rxf8 22. Bxg5+ Ke8 23. Bg6+ Rf7 24. Bxf7+ Kxf7 25. Qh5+ Kg8 26. Qg6+ Kh8 27. Qh6+ Kg8 28. Qxe6+ Kh8 29. Qe8+ Kg7 30. Qe7+ Kg6 31. Bf6 Qb7 32. Qg7+ Kf5 33. Qg4# 1-0

[Event "RUS-ch Seniors"]
[Site "Zvenigorod"]
[Date "2005.12.03"]
[Round "5"]
[White "Frumson, Yury"]
[Black "Gurin, Anatolij"]
[Result "1-0"]
[WhiteElo "2337"]
[BlackElo "2225"]
[PlyCount "95"]
[EventDate "2005.11.28"]
[EventType "swiss"]
[EventRounds "7"]
[EventCountry "RUS"]
[SourceTitle "EXT 2007"]
[Source "ChessBase"]
[SourceDate "2006.11.23"]
[SourceVersion "1"]
[SourceVersionDate "2006.11.23"]
[SourceQuality "1"]

1. Nf3 d6 2. d4 g6 3. g3 Bg7 4. Bg2 Nd7 5. c4 e5 6. Nc3 Ne7 7. e4 0-0 8. 0-0 h6 9. dxe5 dxe5 10. Be3 c6 11. Qd2 Nb6 12. b3 Qxd2 13. Nxd2 Be6 14. Rfd1 Rad8 15. Bf1 Rd7 16. c5 Nbc8 17. Bc4 Bh3 18. f3 h5 19. b4 Bf6 20. Nb3 Rfd8 21. Rxd7 Rxd7 22. Kf2 Kf8 23. Ke2 Ng8 24. Rg1 Bd8 25. Nc1 Be6 26. Bxe6 fxe6 27. Nd3 Bc7 28. Nd1 Rh7 29. N1b2 Nf6 30. Nc4 Nd7 31. Bd2 b5 32. cxb6 Ncxb6 33. Na5 Nb8 34. Rc1 h4 35. g4 h3 36. Nxc6 Nxc6 37. Rxc6 Ke8 38. Rxe6+ Kf7 39. Rc6 Bb8 40. Nc5 Rh8 41. Na6 Rd8 42. Nxb8 Rxb8 43. Rc7+ Kf6 44. Rxa7 Nc4 45. Ra6+ Kg7 46. Bc3 Rc8 47. b5 Kh6 48. Rc6 1-0

[Event "Tula Region-ch"]
[Site "Tula"]
[Date "2005.08.11"]
[Round "7"]
[White "Krivobokov, Aleksey"]
[Black "Gurin, Anatolij"]
[Result "0-1"]
[WhiteElo "2178"]
[BlackElo "2223"]
[PlyCount "96"]
[EventDate "2005.08.05"]
[EventType "swiss"]
[EventRounds "9"]
[EventCountry "RUS"]
[SourceTitle "EXT 2006"]
[Source "ChessBase"]
[SourceDate "2005.11.24"]
[SourceVersion "1"]
[SourceVersionDate "2005.11.24"]
[SourceQuality "1"]

1. d4 d5 2. c4 dxc4 3. Nf3 Nf6 4. Nc3 e6 5. e3 a6 6. Bxc4 b5 7. Bd3 Bb7 8. a3 c5 9. dxc5 Bxc5 10. b4 Be7 11. Bb2 Nbd7 12. Bc2 Nb6 13. Bb3 Qxd1+ 14. Rxd1 Rc8 15. 0-0 Nc4 16. Bxc4 Rxc4 17. Rd4 Rxd4 18. Nxd4 0-0 19. Rd1 Rc8 20. Nb3 Kf8 21. f3 Ke8 22. e4 Nd7 23. f4 Nb6 24. Na5 Ba8 25. Rd2 Nc4 26. Nxc4 Rxc4 27. Re2 Bf6 28. e5 Bd8 29. g3 Bb6+ 30. Kf1 Bd4 31. Nd1 Bb6 32. Nc3 Bc6 33. Ke1 h5 34. Kd2 h4 35. Kd3 Bd4 36. Nd1 Bg1 37. Ne3 Bf3 38. Re1 Bxh2 39. Nxc4 bxc4+ 40. Ke3 Bxg3 41. Rc1 Bd5 42. Rg1 g6 43. a4 Kd7 44. b5 axb5 45. axb5 Bh2 46. Rb1 h3 47. b6 Kc8 48. Bc1 Bg3 0-1

[Event "RUS-ch Seniors"]
[Site "Tula"]
[Date "2004.05.15"]
[Round "6"]
[White "Zilbert, Oleg"]
[Black "Gurin, Anatolij"]
[Result "1/2-1/2"]
[WhiteElo "2387"]
[BlackElo "2184"]
[PlyCount "93"]
[EventDate "2004.05.??"]
[EventType "swiss"]
[EventRounds "9"]
[EventCountry "RUS"]
[SourceTitle "EXT 2005"]
[Source "ChessBase"]
[SourceDate "2004.11.15"]
[SourceVersion "1"]
[SourceVersionDate "2004.11.15"]
[SourceQuality "1"]

1. e4 e5 2. Nf3 Nf6 3. Nc3 Nc6 4. Bb5 Nd4 5. Nxd4 exd4 6. e5 dxc3 7. exf6 Qxf6 8. dxc3 c6 9. Bd3 d5 10. 0-0 Be6 11. Be3 Be7 12. f4 b6 13. Kh1 Bc5 14. f5 Bd7 15. Qd2 Bxe3 16. Qxe3+ Kd8 17. Qf4 Re8 18. Rae1 Rxe1 19. Rxe1 g5 20. Qg3 Rc8 21. Re5 Rc7 22. Qe3 h6 23. Kg1 Qd6 24. Qg3 Qf6 25. b4 b5 26. a3 Bc8 27. Kf2 Re7 28. Rxe7 Kxe7 29. Qc7+ Bd7 30. Qxa7 Qxc3 31. Qe3+ Kf6 32. Qh3 Qd2+ 33. Kf3 Qf4+ 34. Ke2 g4 35. Qh4+ Qg5 36. Qg3 Bxf5 37. Qd6+ Be6 38. Qd8+ Kg7 39. Qd6 Qf6 40. Qxc6 g3 41. Qc7 Qf2+ 42. Kd1 Qg1+ 43. Kd2 Qxg2+ 44. Kc3 gxh2 45. Qe5+ Kf8 46. Qd6+ Kg8 47. Qb8+ 1/2-1/2